Ambulantní porod očima zdravotnického pracovníka

Saved in:
Bibliographic Details
Main Author Cvičková, Ivana (Dissertant)
Other Authors Adamík, Zdeněk (Thesis advisor)
Format Manuscript Book
LanguageCzech
Published 2016
Subjects
Online AccessPlný text v Digitální knihovně UTB
Physical Description81 s. (124328 znaků)

Cover

LEADER 00000ntm a22000007u 4500
001 zp41947
041 |a cze 
100 1 |a Cvičková, Ivana  |4 dis 
245 1 0 |a Ambulantní porod očima zdravotnického pracovníka 
246 |a Outpatient Delivery from a Healtcare Worker´s Perspective 
260 |c 2016 
300 |a 81 s. (124328 znaků) 
500 |a Studijní obor: Porodní asistentka 
500 |a Studijní obor: Midwifery 
500 |a Ústav: Ústav zdravotnických věd 
500 |a Univerzita Tomáše Bati ve Zlíně. Fakulta humanitních studií 
500 |a Tomas Bata University in Zlín. Faculty of Humanities 
506 |a Bez omezení 
653 |a Ambulantní porod 
653 |a zdravotnický pracovník 
653 |a legislativa 
653 |a porodní doba 
653 |a Outpatient childbirth 
653 |a healthcare worker 
653 |a legislation 
653 |a labor time 
655 4 |a bakalářská práce 
700 1 |a Adamík, Zdeněk  |4 ths 
710 2 |a Univerzita Tomáše Bati ve Zlíně. Fakulta humanitních studií  |4 dgg 
710 2 |a Tomas Bata University in Zlín. Faculty of Humanities  |4 dgg 
856 4 0 |u http://hdl.handle.net/10563/37408  |y Plný text v Digitální knihovně UTB